| 000 | 01856ccm a22004334a 4500 | ||
|---|---|---|---|
| 001 | muse82586 | ||
| 003 | MdBmJHUP | ||
| 005 | 20210127151457.0 | ||
| 006 | m o d | ||
| 007 | cr||||||||nn|n | ||
| 008 | 011212t20001976txu o 00 0 eng d | ||
| 020 | _a9781574411140 | ||
| 020 | _z1574411144 | ||
| 035 | _a(OCoLC)1136444336 | ||
| 040 |
_aMdBmJHUP _cMdBmJHUP |
||
| 245 | 0 | 0 |
_aTexas Folk Songs _cby William A. Owens ; musical transcriptions by Jessie Ann Owens. |
| 250 | _a2d ed., rev. and enl. | ||
| 264 | 1 | _bUniversity of North Texas Press, | |
| 264 | 3 | _bProject MUSE, | |
| 300 |
_a1 online resource (xx, 190 pages of music) : _billustrations ; |
||
| 490 | 0 |
_aPublications of the Texas Folklore Society ; _vno. 23 |
|
| 500 | _aIncludes indexes. | ||
| 505 | 0 | 0 |
_tBritish Popular Ballads _g3 -- _tAnglo-American Ballads _g42 -- _tAnglo-American Love Songs _g87 -- _tAnglo-American Comic Songs _g103 -- _tSongs and Games for Children _g134 -- _tPlay-Party Songs and Games _g148 -- _tAnglo-American Spirituals _g161 -- _tAfro-American Spirituals _g170 -- _tAfro-American Secular Songs _g175. |
| 506 | 0 |
_aOpen Access _fUnrestricted online access _2star |
|
| 588 | _aDescription based on print version record. | ||
| 650 | 0 |
_aFolk songs, English. _2fast _0(OCoLC)fst00929875 |
|
| 650 | 0 |
_aFolk songs, English _zTexas. |
|
| 651 | 0 |
_aTexas. _2fast _0(OCoLC)fst01210336 |
|
| 655 | 7 |
_aElectronic books. _2local |
|
| 700 | 1 | _aOwens, Jessie Ann. | |
| 700 | 1 |
_aOwens, William A., _d1905-1990. |
|
| 710 | 2 |
_aProject Muse. _edistributor |
|
| 830 | 0 | _aBook collections on Project MUSE. | |
| 856 | 4 | 0 |
_zFull text available: _uhttps://muse.jhu.edu/book/72284/ |
| 999 |
_c25890 _d25890 |
||